Score 0/18 Timer 02:00
0 Plays Today
Title Missing Word % Correct
Gone With the ____Wind
99.4%
To Kill a ____Mockingbird
99.2%
The Color _____Purple
91.8%
Uncle Tom's ____Cabin
87.4%
The _____ of Huckleberry Finn Adventures
86%
A ____ Named DesireStreetcar
85.7%
Steel ____Magnolias
71.6%
The Sound and the _____Fury
69.9%
Roll of _____, Hear My CryThunder
67.6%
Title Missing Word % Correct
Divine _____ of the Ya-Ya Sisterhood Secrets
54.1%
Their Eyes Were
Watching ____
God
52.6%
The Secret Life of ____ Bees
51.7%
All the ____ HorsesPretty
48.6%
____ in the Garden of Good and Evil Midnight
48.2%
The Heart Is a Lonely ____Hunter
45.1%
Fried Green Tomatoes at the _____ Stop Cafe Whistle
43.1%
A Confederacy of ____Dunces
32.3%
____ of Winn-Dixie Because
31.3%

Today's Daily Dose

Missing Word
'T' Pairs

Word Ladder
Game Pieces

Get the Picture
Baseball Movies

Remove Ads.
Support Sporcle.
Get the best of Sporcle when you Go Orange. This ad-free experience offers more features, more stats, and more fun while also helping to support Sporcle. Thank you for becoming a member.

You're not logged in!

Compare scores with friends on all Sporcle quizzes.
OR
Log In

Show Comments

Extras

Top Quizzes Today


Score Distribution

Your Account Isn't Verified!

In order to create a playlist on Sporcle, you need to verify the email address you used during registration. Go to your Sporcle Settings to finish the process.

Report this User

Report this user for behavior that violates our Community Guidelines.

Details: